Sports Quiz

Random Sports or NBA Quiz

New York Knicks Since 2000 Name Matchup Quiz Stats

Quiz not verified by Sporcle

Challenge
Share
Tweet
Score 0/181 Timer 18:00
0 Plays Today
% Correct
Carmelo
96.6%
Joakim
95.7%
Amar'e
95.6%
Dikembe
94.3%
Chauncey
94%
Andrea
93.8%
Kristaps
93.8%
Tracy
93%
Patrick
92.4%
Arron
92.2%
Iman
92.2%
Timofey
91.9%
Danilo
91.7%
Courtney
91.5%
Jeremy
91.4%
Jason
90.9%
Metta
90.9%
Stephon
90.9%
Channing
90.6%
Jose
90.6%
Raymond
90.6%
Derrick
90.4%
Darko
90.4%
J.R.
90.4%
Marcus
90.4%
Tim
90.4%
Jamal
90.1%
Trevor
89.8%
Latrell
89.6%
Tyson
89.3%
Ramon
88.9%
Nazr
88.5%
Jimmer
88.5%
Cole
88.3%
Mike
88%
Anfernee
87.8%
Pablo
87.8%
Quincy
87.8%
Kenyon
87.5%
Zach
87.2%
Robin
87%
Samuel
87%
Sasha
87%
Beno
86.7%
Brandon
86.7%
Allan
86.5%
Rasheed
86.5%
Doug
86.4%
Frank
86.4%
Lou
86.2%
Willy
86.2%
Antonio
85.9%
Baron
85.7%
Steve
85.7%
Enes
85.2%
Jalen
85.2%
Cleanthony
84.4%
Ron, Ronnie, or Ronny
84.4%
Steve
84.1%
Landry
83.6%
Langston
83.6%
% Correct
Quentin
83.3%
Kyle
82.6%
Keith
82.3%
Al
82%
Eddie or Eddy
81.8%
Chris
81.5%
Jarrett
81.5%
Luc or Luke
81.3%
Nate
81.3%
Wilson
81.3%
Emmanuel
81%
Shane
80.2%
Kevin
79.9%
Marshall
79.3%
David
79.2%
Justin
78.7%
Jerian
78.6%
Glen
78.1%
Kurt
78.1%
Alexey
77.1%
Larry
77.1%
Trey
76.2%
Eddie or Eddy
75.5%
Renaldo
75.3%
Vin
75.3%
Thanasis
75.1%
Toney
74.2%
Mike
74.1%
Chris
72.7%
Jared
72.7%
Mindaugas
72.3%
Matt
71.1%
Ron, Ronnie, or Ronny
70.3%
Othella
70.1%
Charlie
69%
Clarence
68%
Malik
68%
Chris
66.9%
Sergio
66.9%
Chris
65.9%
Shelden
65.4%
Kelvin
64.8%
Mike
64.8%
Dan
64.1%
Howard
64.1%
Shawne
64.1%
Mike
62.5%
Ron, Ronnie, or Ronny
61.7%
Josh
60.4%
Earl
60.2%
Shannon
60.2%
Chris
59.9%
Larry
58.1%
Moochie
58.1%
Lee
56%
Lance
54.9%
Rick or Ricky
54.7%
Tim
54.7%
Shandon
54.4%
Travis
54.2%
Toure'
53.9%
% Correct
Mardy
53.6%
J.R.
52.9%
Roger
52.9%
Luc or Luke
52.4%
Qyntel
52.3%
Damyean
50.6%
Earl
48.7%
Ime
48.4%
Felton
47.7%
John
47.7%
Mouhamed
47.7%
Jordan
47.1%
Anthony
46.9%
Derrick
46.9%
DerMarr
46.4%
Andrew
45.6%
Antonio
45.6%
David
44.3%
Maurice
44.1%
Bruno
44%
Jerome
44%
Chasson
43.3%
Anthony
42.4%
Erick
42.2%
Mark
40.1%
Rick or Ricky
40.1%
Travis
39.1%
Mirsad
38.5%
Fred
36.7%
Cheikh
34.9%
Maurice
34.1%
Lavor
33.3%
Isaiah
33.3%
Troy
33.3%
Cezary
30.7%
Jeremy
30.2%
Andrew
29.4%
Jerome
28.9%
Jason
27.9%
Marcus
27.6%
Jamison
27.1%
Jerome
26.3%
John
26%
Solomon
25.5%
Henry
22.7%
Anthony
22.4%
Demetris
22.1%
Randolph
21.9%
Jackie
20.8%
James
18.5%
Jermaine
17.7%
Frank
17.2%
Etdrick
14.6%
Chris
14.1%
Joe
13.5%
Courtney
12.8%
Derrick
12.2%
DeMarco
7.6%
Larry
5.2%

You're not logged in!

Compare scores with friends on all Sporcle quizzes.
Sign Up with Email
OR
Log In

You Might Also Like...

Show Comments

Extras

Top Quizzes Today


Score Distribution

Your Account Isn't Verified!

In order to create a playlist on Sporcle, you need to verify the email address you used during registration. Go to your Sporcle Settings to finish the process.

Report this User

Report this user for behavior that violates our Community Guidelines.

Details: